000 00453nam a2200169Ia 4500
008 230917s9999||||xx |||||||||||||| ||und||
020 _cRS995
040 _e238125
_aMAIN
041 _aEnglish
082 _a362.61 S23D
100 _aSharma, K L
245 0 _aDimensions of ageing: Indian studies
260 _aJaipur
_bRawat Publications
_c2016
300 _aix, 347 p.
500 _a2619 17/02/2017 HBD17/6855 08/03/2017 Main Budget
942 _cBK
999 _c21517
_d21517